| 000 | 01367cam a22003854i 4500 | ||
|---|---|---|---|
| 003 | PE-LiUPU | ||
| 005 | 20250731183400.0 | ||
| 008 | 150623s1994 alua r 000 0 eng d | ||
| 035 | _a(Sirsi) a23111 | ||
| 040 |
_aPE-LiUPU _bspa _cPE-LiUPU _erda |
||
| 082 | 0 | 4 |
_a783.95 _bC24 _221 |
| 110 |
_aIntegrity Music., _eeditor. _96199 |
||
| 245 | 0 | 0 | _aCelebrate Jesus. |
| 264 | 1 |
_aMobile, AL : _bIntegrity Music, Inc., _c1994. |
|
| 300 |
_apag. varia : _bilustraciones partituras ; _c26 centímetros. |
||
| 336 |
_atext _2rdacontent |
||
| 337 |
_aunmediated _2rdamedia |
||
| 338 |
_avolume _2rdacarrier |
||
| 490 | 1 | _aAlleluia Music. Songs Sheets | |
| 505 | 0 | _aSonglist for Celebrate Jesus. | |
| 526 | _aP158 | ||
| 526 | _aP146 | ||
| 526 | _aP17 | ||
| 526 | _aP12 | ||
| 526 | _aP06 | ||
| 650 | 0 | 4 | _aMúsica cristiana contemporánea. |
| 650 | 0 | 4 | _aMúsica Gospel. |
| 700 | 1 |
_aAlleluia Music, _eeditor. |
|
| 942 |
_2ddc _cBOOK |
||
| 949 |
_a783.95 C24 _wDEWEY _c1 _i47202 _lCCODEBUL1 _mBUL _p20.00 _r0 _sY _tBOOK _u2015-06-24 _xTEOLOGIA _0COMPRA _o.STAFF. Colección Teología |
||
| 949 |
_a783.95 C24 _wDEWEY _c2 _i47201 _lCCODEBUL1 _mBUL _p20.00 _r0 _sY _tBOOK _u2015-06-24 _xTEOLOGIA _0COMPRA _o.STAFF. Colección Teología |
||
| 999 |
_c23753 _d23753 |
||
| 980 |
_81 _gALBERTO SANCHEZ Responsable de Automatización |
||